| 000 | 00480nam a22001697a 4500 | ||
|---|---|---|---|
| 005 | 20170516145233.0 | ||
| 010 | _aENG-118176 | ||
| 020 |
_a9788193223222 _c205.00 |
||
| 037 | _bDBAD/PUB | ||
| 082 | _a485 | ||
| 100 | _aK.K. Singh | ||
| 245 |
_aEnglish grammar for weokonomics / _cby K.K. Sigh |
||
| 260 |
_aDelhi _bMaheshwari Prakashan _c2016 |
||
| 270 | _a911/7C, Faridabad-121006 Delhi/NCR | ||
| 300 |
_aiv, 148p _c24cm.(pbk) |
||
| 942 |
_2ddc _cEN _h485 _mKKS |
||
| 999 |
_c139962 _d139962 |
||